000 00428nam a22001697a 4500
003 NUST - PNEC
005 20170116181150.0
008 151118b xxu||||| |||| 00| 0 eng d
020 _a090097639X
040 _cLIBRARY
082 _a623.81 MUN
100 _915373
_aMunro-Smith, R.
245 _aElements of ship design
_cR. Munor-Smith
260 _cc.1975
650 _915377
_aNaval architecture
_xMIS
942 _2ddc
_cBK
999 _c70930
_d70930